书目信息 |
| 题名: |
教育管理决策新论
|
|
| 作者: | 孟繁华 著 | |
| 分册: | ||
| 出版信息: | 北京 教育科学出版社 2005 |
|
| 页数: | 233页 | |
| 开本: | 24cm | |
| 丛书名: | 教育博士文库 | |
| 单 册: | ||
| 中图分类: | G46 | |
| 科图分类: | ||
| 主题词: | 教育管理学 , 教育管理学--策学 | |
| 电子资源: | ||
| ISBN: | 7-5041-2272-6 | |
| 000 | 01207nam0 2200301 450 | |
| 000 | 01221nam0 2200301 450 | |
| 000 | 01155nam0 2200277 450 | |
| 000 | 01119oam2 2200265 45 | |
| 005 | 20070727145534.13 | |
| 010 | @a7-5041-2272-6@dCNY22.00 | |
| 100 | @a20070706d2005 em y0chiy0120 ea | |
| 101 | 0 | @achi |
| 102 | @aCN@b110000 | |
| 105 | @ay z 000yy | |
| 200 | 1 | @a教育管理决策新论@AJiao Yu Guan Li Jue Ce Xin Lun@e教育组织决策机制的系统分析@EJiao Yu Zu Zhi Jue Ce Ji Zhi De Xi Tong Fen Xi@f孟繁华著@FMeng Fan Hua Zhu |
| 210 | @a北京@c教育科学出版社@d2005 | |
| 215 | @a233页@c照片@d24cm | |
| 225 | 2 | @a教育博士文库 |
| 314 | @a孟繁华(1963~)。首都师范大学教育科学学院教授。著有《教育管理决策新论》等。 | |
| 330 | @a本书在梳理了前人关于教育组织决策理论与实践成就的基础上,对教育组织决策的思维范式、合理性标准和事件识别等问题进行了探讨;对教育组织决策系统的结构和运作模式进行了系统分析。 | |
| 410 | 0 | @12001 @a教育博士文库 |
| 517 | 1 | @a教育组织决策机制的系统分析@AJiao Yu Zu Zhi Jue Ce Ji Zhi De Xi Tong Fen Xi |
| 606 | 0 | @a教育管理学 |
| 606 | 0 | @a教育管理学@x策学 |
| 690 | @aG46@v4 | |
| 701 | 0 | @a孟繁华@AMeng Fan Hua@4著 |
| 801 | 0 | @aCN@bTAOJIN@c20070727 |
| 905 | @a10447@dG46@e14 | |
| 教育管理决策新论:教育组织决策机制的系统分析/孟繁华著.-北京:教育科学出版社,2005 |
| 233页:照片;24cm.-(教育博士文库) |
| ISBN 7-5041-2272-6:CNY22.00 |
| 本书在梳理了前人关于教育组织决策理论与实践成就的基础上,对教育组织决策的思维范式、合理性标准和事件识别等问题进行了探讨;对教育组织决策系统的结构和运作模式进行了系统分析。 |
| ● |
| 相关链接 |
|
|
|
|
正题名:教育管理决策新论
索取号:G46/14
 
预约/预借
| 序号 | 登录号 | 条形码 | 馆藏地/架位号 | 状态 | 备注 |
| 1 | 0821260 | 208212600 | 第一样本阅览室/ [索取号:G46/14] | 在馆 | |
| 2 | 0821261 | 208212619 | 第四借阅区/ [索取号:G46/14] | 在馆 | |
| 3 | 0821262 | 208212628 | 第四借阅区/ [索取号:G46/14] | 在馆 | |
| 4 | 0821263 | 208212637 | 第四借阅区/ [索取号:G46/14] | 在馆 | |
| 5 | 0821264 | 208212646 | 第四借阅区/ [索取号:G46/14] | 在馆 |